1718 1900 1427 1330 1654 1018 1056 1232 1717 1153 1642 1531 1161 1159 1552 1629 1245 1777 1252 1724 1515 1336 1800 1271 1856 1017 1117 1909 1969 1172 1952 1790 1329 1870 1674 1488 1334 1761 1393 1651 1457 1748 1216 1855 1725 1706 1829 1873 1062 1740 1334 1927 1052 1803 1720 1695 1121 1752 1098 1523 1633 1499 1725 1620 1112 1524 1587 1116 1137 1084 1373 1033 1221 1833 1391 1142 1584 1486 1011 1096 1465 1572 1070 1692 1608 1065 1556 1475 1884 1095 1664 1299 1879 1557 1892 1014 1273 1408 1274 BCNSPRNW ULIB Ver.6.0+V

เปลี่ยนเป็นภาษาไทย

Change to English
 แสดงรายละเอียดบรรณานุกรม
  กลับหน้าหลัก

Brief Record : Get Marc (ISO 2709) : E-mail record : QR code < ปิดหน้าต่าง
LEADER : 00000nam 2200000uu 4500
001    13399122150
003     ULIB
008    130107s2555||||th 000 0 tha d
020    ^a9789743653797
060    ^aW84^bส742
245 00 ^aสุขภาพดี วิถีอาเซียน =^bAsean health care system : รวมบทความวิเคราะห์ระบบบริการสุขภาพ /^cบรรณาธิการ วีระวัฒน์ พันธ์ครุฑ, ชนิสรา ภวภูตานนท์ ณ มหาสารคาม ; คณะผู้เรียบเรียง วีวัฒน์ พันธ์ครุฑ ... [และคนอื่นๆ]
246 30 ^aAsean health care system
246 30 ^aรวมบทความวิเคราะห์ระบบบริการสุขภาพ
250    ^aพิมพ์ครั้งที่ 2
260    ^aนนทบุรี :^bสำนักงานหลักประกันสุขภาพแห่งชาติ,^c2555
300    ^a158 หน้า :^bภาพประกอบ
505 0  ^a^tระบบประกันสุขภาพแห่งชาติประเทศบรูไน - -^tระบบประกันสุขภาพแห่งชาติประเทศกัมพูชา - -^tระบบประกันสุขภาพแห่งชาติประเทศอินโดนีเซีย - -^tระบบประกันสุขภาพแห่งชาติประเทศสาธารณรัฐประชาธิปไตยประชาชนลาว - -^tระบบประกันสุขภาพแห่งชาติประเทศมาเลเซีย - -^tระบบประกันสุขภาพแห่งชาติประเทศเมียนมาร์ - -^tระบบประกันสุขภาพแห่งชาติประเทศสาธารณรัฐฟิลิปปินส์ - -^tระบบประกันสุขภาพแห่งชาติประเทศสาธารณรัฐสิงคโปร์ - -^tระบบประกันสุขภาพแห่งชาติประเทศสาธารณรัฐประชาธิปไตยติมอร์-เลสเต - -^tระบบประกันสุขภาพแห่งชาติประเทศสาธารณรัฐสังคมนิยมเวียดนาม
650  7 ^aการบริการด้านสุขภาพ^xรวมเรื่อง
650  7 ^aสุขภาพ^xรวมเรื่อง
700 0  ^aวีระวัฒน์ พันธ์ครุฑ,^eบรรณาธิการ
700 0  ^aชนิสรา ภวภูตานนท์ ณ มหาสารคาม,^eบรรณาธิการ
710 2  ^aสำนักงานหลักประกันสุขภาพแห่งชาติ
945    ^p220^l0^i19587
945    ^p220^l0^i19588
995    ^aกัณชพร
999    ^aใช้งานได้ทุกระบบ
รายการนี้ยังไม่มีแท็ก
คุณยังไม่ได้ล็อกอิน คุณสามารถมีกิจกรรมร่วมกับเว็บไซต์ได้ แต่ต้องล็อกอินก่อน ::
  ล็อกอิน

รายการสื่อสารสนเทศ

ลำดับที่ ประเภท เลขเรียก/บาร์โค้ด สถานที่ สถานะ
1. วิทยาศาสตร์การแพทย์ และสุขภาพ
วิทยาศาสตร์การแพทย์ และสุขภาพ
สถานะ=หนังสือเก่า
W84 ส742  
  Barcode: 19587
ห้องสมุดวิทยาเขตนครสวรรค์
►ส่วนจัดเก็บหนังสือเก่า นว.
บนชั้น
  ขอยืม
2. วิทยาศาสตร์การแพทย์ และสุขภาพ
วิทยาศาสตร์การแพทย์ และสุขภาพ
สถานะ=หนังสือเก่า
W84 ส742 ฉ.2 
  Barcode: 19588
ห้องสมุดวิทยาเขตนครสวรรค์
►ส่วนจัดเก็บหนังสือเก่า นว.
บนชั้น
  ขอยืม

รายการใกล้เคียง
    หัวเรื่อง [สุขภาพ รวมเรื่อง]

BibComment


ยังไม่เคยถูกคอมเมนท์

คอมเมนท์ทรัพยากรรายการนี้
  คอมเมนท์: สุขภาพดี วิถีอาเ..


 Copyright 2026. Bcnsprnw @Library